George Orwell: Állati gazdaság (Állatfarm); 1984
Elmentve itt :
| Szerző: | |
|---|---|
| Adatforrás: | Meister |
| Forrásdokumentuma: | Helikon. - 19 sz., 1990, 2 p. |
| Nyelv: | magyar |
| Kulcsszavak: | politikai publicisztika-recenzió ORWELL George |
| LEADER | 00390nab a2200133 i 4500 | ||
|---|---|---|---|
| 001 | bibPRO00008723 | ||
| 008 | 060524s1990 xx hun | ||
| 040 | |a Sz1 | ||
| 041 | |a hun | ||
| 100 | 1 | |a GÁLFALVI Hanga | |
| 245 | 1 | 0 | |a George Orwell: Állati gazdaság (Állatfarm); 1984 |c GÁLFALVI Hanga |
| 695 | |a politikai publicisztika-recenzió | ||
| 695 | |a ORWELL George | ||
| 773 | 0 | |t Helikon. - |g 19 sz., 1990, 2 p. | |